=LDR 00000nam 2200000 4500 =001 INLIS000000000028279 =005 20130612130609 =008 ***********************************ind** =035 ##$$0010-061300000028279 =041 ##$$a ind =082 ##$$a 658 =090 ##$$a 658, GEL m =100 ##$$a Gellerman, Saul W =245 ##$$a Manajer dan Bawahan, Saul W. Gellerman =260 ##$$a 1983 $b Jakarta =300 ##$$a xii, 219 hlm., 24 cm =650 ##$$a Manajemen Kantor =850 ##$$a NBPNMAT